| 000 | 01413nam2a22002771 4500 | ||
|---|---|---|---|
| 001 | rc\3992886 | ||
| 005 | 20250611050658.0 | ||
| 021 |
_aRU _b[57-42499] |
||
| 035 | _a(NLR Aleph) 008068689 | ||
| 090 |
_a9049252 _c9049252 |
||
| 100 | _a20130415d1957 |||y0rusy50 ca | ||
| 101 | 0 | _arus | |
| 102 | _aRU | ||
| 105 | _aa z ||||| | ||
| 200 | 0 |
_aЧ. 2 _fА.В. Караушев и Н.А. Панчурин |
|
| 210 |
_d1957 _aБ. м. |
||
| 215 |
_a199 с. _cчерт. |
||
| 320 | _aБиблиогр. в конце книги (20 назв.) | ||
| 461 | 0 |
_1001rc\3992884 _12001#$aСборник задач по гидравлике$e[Учеб. пособие для гидротехн. фак. вузов]$fПод общ. ред. проф. д-ра техн. наук В.М. Маккавеева. Ч. 1-$vЧ. 2 _99049240 _cЛенинград _d1956 _fПод общ. ред. проф. д-ра техн. наук В.М. Маккавеева. Ч. 1- _nРечной транспорт. Ленингр. отд-ние _o[Учеб. пособие для гидротехн. фак. вузов] _tСборник задач по гидравлике _vЧ. 2 |
|
| 701 | 1 |
_aКараушев _bА.В. _gАнатолий Васильевич |
|
| 701 | 1 |
_aПанчурин _bН.А. _gНиколай Алексеевич |
|
| 801 | 0 |
_aRU _bNLR _gpsbo |
|
| 801 | 1 |
_aRU _bELAR _2rusmarc |
|
| 852 |
_aNLR _jТ24 Г-5/283 |
||
| 942 | _cBOOK | ||
| 980 | _aNB | ||